Statistics for Countries Closest to the Equator

Click here to take the quiz!

General Stats

  • This quiz has been taken 26 times
    (17 since last reset)
  • The average score is 11 of 15

Answer Stats

HintAnswer% Correct
91 MilesGuyana
91%
60 MilesMalaysia
91%
111 MilesSuriname
91%
2.8 MilesPeru
82%
72 MilesTanzania
82%
43 MilesVenezuela
82%
62 MilesEquatorial Guinea
73%
84 MilesPapua New Guinea
73%
72.8 MilesRwanda
73%
83 MilesSingapore
73%
108 MilesCameroon
64%
160 MilesCentral African Republic
64%
150 MilesBurundi
55%
14 MilesNauru
55%
165 MilesSeychelles
27%

Score Distribution

Percentile by Number Answered

Percent of People with Each Score

Your Score History

You have not taken this quiz since the last reset